000 00516nam a2200169 a 4500
001 000033835
005 20200930070546.0
008 110913s1893 dr 000 0 spa d
040 _aDO-SdBNP
_bspa
_cBNPHU
082 _axxx
_bA484l
100 1 _aAmand, St.
_959253
245 1 0 _aLes frontieres dominico-haitiennes /
_cSt. Amand, J. N. Léger.
260 _aSanto Domingo :
_bCuna de América,
_c1893.
300 _a49 p. ;
_c24 cm.
500 _aIncluye notas al pie de las páginas
700 1 _aLéger, J. N.
_959254
999 _c33326
_d33326